00625nam a22001937a 450000500170000001000170001702000230003403500170005703700270007408200120010124501080011325000110022126000330023226000510026527000550031630000280037150000190039965000130041820110811162711.0 aB-428673-677 a8176492310c195.00 aB-428673-677 bResearchco Book Centre a616.462 aDiabetes a to z :bwhat you need to know about diabetes-simply put /cby American Diabetes Association a5th ed aNew DelhibViva Books,c2004 aVirginiabAmerican Diabetes Associationcc2004 a4262/3, Ansari Road, Darya GanjbNew Delhie110002 avii, 204 p.c22cm (Pbk) aIncludes index aDiabetes